Aktualizácia k zákonom III/2004 zákon o službách zamestnanosti

Guardado en:
Detalles Bibliográficos
Formato: Libro
Lenguaje:eslovaco
Publicado: Žilina Poradca 2004
Colección:Aktualizácia III/2
Etiquetas: Agregar Etiqueta
Sin Etiquetas, Sea el primero en etiquetar este registro!

MARC

LEADER 00000nam$a2200000$$$4500
001 0019240
005 20250619122532.4
022 |a 1335-6127 
041 0 |a slo 
245 1 0 |a Aktualizácia k zákonom III/2004  |b zákon o službách zamestnanosti 
264 1 |a Žilina  |b Poradca  |c 2004 
300 |a 336 s. 
490 1 |a Aktualizácia  |v III/2 
830 0 |a Aktualizácia  |v III/2